| 000 | 00419nam a2200133Ia 4500 | ||
|---|---|---|---|
| 008 | 220216s9999 xx 000 0 und d | ||
| 100 | _aAmu A | ||
| 245 | 0 | _aScorch and ageing properties of epoxidised natural rubber | |
| 260 | _bProceedings of the International Rubber Conference, Colombo, 1984, V2. Part 1; p127-137 | ||
| 650 | _aAgeing | ||
| 650 | _aEpoxidised natural rubber | ||
| 700 | _aDulngali S | ||
| 942 | _cJS | ||
| 999 |
_c68456 _d68456 |
||